000 00308nam a22001337a 4500
008 250422b |||||||| |||| 00| 0 eng d
020 _a0130944343
050 _aHD70
_b.G75
100 _aGRIFFIN W. Ricky
245 _aBusiness
260 _aU.S.A
_bPrentice-Hall
_c1993
300 _axxxi, 783p.
942 _cBK
999 _c3111
_d3111